000
00303nam a22001217a 4500
020
_a
0321228103
082
_2
22
_a
005.1
100
_a
Nantz, Brain.
245
_a
Open source :
_b
net development /
260
_a
Boston,
_b
Addison Wesley,
_c
c2005.
300
_a
xix, 484p. ;
_b
ill. ;
_c
23 cm.
942
_2
ddc
_c
IT
999
_c
1955
_d
1955